Antimicrobial resistance of escherichia coli isolated from canine parvovirus at veterinary clinic sangkat russey keo khan russey keo phnom penh, ករណី ESCHERICHIA COLI ស៊ាំ នឹងឳសថអង់ទីប៊ីយ៉ូទិកលើសុនខមាន PARVOVIRUS នៅគ្លីនិកសត្វក្នុងសង្កាត់ឬស្សីកែវ ខណ្ឌឬស្សីកែវ រាជធានីភ្នំពេញ (Record no. 25847)

000 -LEADER
fixed length control field 00773nam a22001217a 4500
040 ## - CATALOGING SOURCE
Transcribing agency VONG PHANNITH, RUA
082 ## - DEWEY DECIMAL CLASSIFICATION NUMBER
Classification number DVM KEA 2025 B707 Or.1
100 ## - MAIN ENTRY--AUTHOR NAME
Personal name KEAN , CHANNDA / គាន ច័ន្ទដា
245 ## - TITLE STATEMENT
Title Antimicrobial resistance of escherichia coli isolated from canine parvovirus at veterinary clinic sangkat russey keo khan russey keo phnom penh, ករណី ESCHERICHIA COLI ស៊ាំ នឹងឳសថអង់ទីប៊ីយ៉ូទិកលើសុនខមាន PARVOVIRUS នៅគ្លីនិកសត្វក្នុងសង្កាត់ឬស្សីកែវ ខណ្ឌឬស្សីកែវ រាជធានីភ្នំពេញ
260 ## - PUBLICATION, DISTRIBUTION, ETC. (IMPRINT)
Place of publication PHNOM PENH
Name of publisher RUA
Year of publication 2025
300 ## - PHYSICAL DESCRIPTION
Number of Pages ix,48p.
Other physical details ill.
Dimensions 29cm.
942 ## - ADDED ENTRY ELEMENTS (KOHA)
Koha item type DVM
952 ## - LOCATION AND ITEM INFORMATION (KOHA)
Withdrawn status [LOCAL, KOHA] 0
952 ## - LOCATION AND ITEM INFORMATION (KOHA)
Withdrawn status [LOCAL, KOHA] 0
Holdings
Permanent Location Date acquired Koha item type Lost status Shelving location Barcode Current Location Full call number
Library Block B2026-06-04DVM B707B712114Library Block BDVM KEA 2025 B707 Or.1
Library Block B2026-06-04DVM B707B713070Library Block BDVM KEA 2025 B707 Or.2
មជ្ឈមណ្ឌលឯការនៃសាកលវិទ្យាល័យភូមិន្ទកសិកម្មចំការដូង

Powered by Koha